Normal view
MARC view
- Zulueta, Celia A.,
Entry Personal Name
001 - CONTROL NUMBER
- control field: 687
003 - CONTROL NUMBER IDENTIFIER
- control field: URS
005 - DATE AND TIME OF LATEST TRANSACTION
- control field: 20211008162519.0
008 - FIXED-LENGTH DATA ELEMENTS
- fixed length control field: 211008|| aca||aabn | a|a d
040 ## - CATALOGING SOURCE
- Original cataloging agency: URS
100 ## - HEADING--PERSONAL NAME
- Personal name: Zulueta, Celia A.,
- Relator term: author.







Phil. Journal of Health Research & Development
Phil. Journal of Neurology
Philippine Journal of Nuclear Medicine
Philippine Journal of Ophthalmology







Philippine eJournals
Tritech Digital Media
Bangko Sentral ng Pilipinas Resources













